MARC

LEADER 00000nam0a2200000 4500
001 297957
005 20231102001046.0
020 |a RU  |b 84-60678 
035 |a (RuTPU)RU\TPU\book\323092 
090 |a 297957 
100 |a 20150613d1984 k y0rusy5003 ca 
101 0 |a rus 
102 |a RU 
105 |a y z 001zy 
200 1 |a Экономические интересы и ускорение научно-технического прогресса  |e межвузовский сборник научных трудов  |f Ленинградский государственный педагогический институт им. А. И. Герцена (ЛГПИ) ; под ред. Б. И. Табачникаса 
210 |a Ленинград  |c Изд-во ЛГПИ  |d 1984 
215 |a 159 с. 
320 |a Библиография в ссылках. 
606 1 |a Научно-технический прогресс  |y СССР  |y Россия  |2 stltpush  |3 (RuTPU)RU\TPU\subj\36489  |9 57849 
610 1 |a экономические интересы при социализме 
610 1 |a технический прогресс 
610 1 |a наука 
610 1 |a планирование 
610 1 |a стимулирование 
610 1 |a НТП 
610 1 |a управление 
686 |a У9(2)0-551  |2 rubbk 
702 1 |a Табачникас  |b Б. И.  |g Борис Израилевич  |4 340 
712 0 2 |a Ленинградский государственный педагогический институт им. А. И. Герцена (ЛГПИ)  |2 stltpush  |3 (RuTPU)RU\TPU\col\8005 
801 0 |a RU  |b RuMRKP  |c 19950704  |g psbo 
801 1 |a RU  |b 63413507  |c 20150613 
801 2 |a RU  |b 63413507  |c 20190208  |g RCR 
942 |c BK